[Event "Principal 2016/2017"]
[Site "Vitrolles"]
[Date "2017.02.04"]
[Round "6"]
[White "Busson, Benoist"]
[Black "Derige Kane, Yan"]
[Result "0-1"]
[WhiteElo "1999"]
[BlackElo "2050"]
[PlyCount "48"]

1. f4 d5 2. Nf3 Nf6 3. d3 b6 4. c4 e6 5. cxd5 exd5 6. g3 Bd6 7. Bg2 O-O 8. O-O
Re8 9. e3 Bb7 10. Nc3 a6 11. h3 c5 12. d4 Ne4 13. Nxe4 dxe4 14. dxc5 Bxc5 15.
Ng5 Qxd1 16. Rxd1 h6 17. Bxe4 Bxe4 18. Nxe4 Rxe4 19. Rd8+ Kh7 20. Kf2 Re7 21.
b3 Rea7 22. Bb2 Nc6 23. Rd2 Re8 24. Re1 Bb4 0-1

[Event "Principal 2016/2017"]
[Site "Vitrolles"]
[Date "2017.03.04"]
[Round "7"]
[White "Derige Kane, Yan"]
[Black "Baroyan, Davit"]
[Result "0-1"]
[WhiteElo "2026"]
[BlackElo "1914"]
[PlyCount "76"]

1. e4 e5 2. Nf3 Nc6 3. Bc4 Bc5 4. d3 Nf6 5. O-O d6 6. c3 O-O 7. b4 Bb6 8. Bg5
h6 9. Bh4 g5 10. Nxg5 hxg5 11. Bxg5 Be6 12. Kh1 Bxc4 13. dxc4 Kh8 14. c5 Rg8
15. h4 Rxg5 16. hxg5 dxc5 17. Qxd8+ Rxd8 18. bxc5 Nxe4 19. cxb6 cxb6 20. Kg1
Rd3 21. f3 Nxg5 22. Kf2 Kg7 23. Ke2 e4 24. Nd2 Rxc3 25. Nxe4 Rc2+ 26. Nd2 Ne6
27. g3 Nb4 28. a3 Nd5 29. Rfc1 Rb2 30. Rab1 Ra2 31. Rb5 Nd4+ 32. Kd3 Nxb5 33.
Nc4 Nxa3 34. Nd6 Kf6 35. Ke4 Nb4 36. Rc7 Re2+ 37. Kd4 Rd2+ 38. Kc3 Nd5+ 0-1

[Event "Principal 2016/2017"]
[Site "Vitrolles"]
[Date "2017.03.04"]
[Round "7"]
[White "Anton, Jose"]
[Black "Madranges, Jean"]
[Result "1/2-1/2"]
[WhiteElo "1845"]
[BlackElo "1795"]
[PlyCount "130"]

1. e4 c5 2. d4 cxd4 3. c3 g6 4. cxd4 d5 5. e5 Nc6 6. Nc3 Bg7 7. Be3 Nh6 8. Bd3
Nf5 9. Nf3 f6 10. exf6 Bxf6 11. O-O O-O 12. Bb5 Nxe3 13. fxe3 Bg4 14. Rc1 e6
15. Na4 Bg5 16. Qd2 Bxf3 17. Rxf3 Rxf3 18. gxf3 Qf6 19. Rf1 e5 20. Bxc6 Qxc6
21. dxe5 Qxa4 22. Qxd5+ Kh8 23. f4 Be7 24. Qxb7 Re8 25. Rc1 Qa5 26. Qd7 Qd8 27.
Qxa7 Qd2 28. Rf1 Qxb2 29. Qd7 Qb8 30. a4 Bc5 31. Rf3 Rd8 32. Qc6 Qb1+ 33. Kg2
Rd2+ 34. Rf2 Bxe3 35. Qf6+ Kg8 36. Qe6+ Kf8 37. Qf6+ Ke8 38. Qh8+ Kd7 39. Rxd2+
Bxd2 40. Qxh7+ Kc6 41. Qh3 Qe4+ 42. Qf3 Kd5 43. Kg3 Qxf3+ 44. Kxf3 Ke6 45. Ke4
Be1 46. Kd4 Bd2 47. Ke4 Be1 48. Kf3 Kf5 49. Ke3 Ke6 50. Ke2 Bc3 51. Kd3 Be1 52.
h3 Bb4 53. Kd4 Bd2 54. Ke4 Be1 55. Kf3 Bd2 56. Kg4 Kf7 57. f5 gxf5+ 58. Kxf5
Be1 59. Kf4 Ke6 60. Ke4 Bc3 61. h4 Bxe5 62. a5 Bb8 63. a6 Kf6 64. Ke3 Kg6 65.
Kf3 Kh5 1/2-1/2

[Event "Principal 2016/2017"]
[Site "Vitrolles"]
[Date "2017.03.04"]
[Round "7"]
[White "Urcun, Gael"]
[Black "Girard, Jean-Pierre"]
[Result "0-1"]
[WhiteElo "1714"]
[BlackElo "1801"]
[PlyCount "64"]

1. e4 c5 2. Nc3 Nc6 3. g3 g6 4. Bg2 Bg7 5. d3 d6 6. Be3 Rb8 7. Qd2 b5 8. f4 b4
9. Nd1 e6 10. e5 Nge7 11. Nf3 O-O 12. O-O Nf5 13. Bf2 Ncd4 14. c3 bxc3 15. bxc3
Nxf3+ 16. Bxf3 Qc7 17. g4 Ne7 18. d4 Ba6 19. Re1 Rfd8 20. Qe3 dxe5 21. dxe5
Rbc8 22. Bh4 Rd3 23. Qe4 c4 24. Be2 Bb7 25. Bxd3 Bxe4 26. Bxe4 Nd5 27. Bg3 Bf8
28. f5 Qa5 29. fxe6 fxe6 30. Rb1 Nxc3 31. Rb7 Nxe4 32. Bh4 Qd5 0-1

[Event "Principal 2016/2017"]
[Site "Vitrolles"]
[Date "2017.03.25"]
[Round "8"]
[White "Baroyan, Davit"]
[Black "Busson, Benoist"]
[Result "1-0"]
[WhiteElo "1914"]
[BlackElo "2006"]
[PlyCount "65"]

1. d4 d5 2. c4 e5 3. dxe5 d4 4. Nf3 Nc6 5. a3 a5 6. b3 Bc5 7. g3 Bg4 8. Nbd2
Qe7 9. Bg2 Nxe5 10. Nxe5 Qxe5 11. Bb2 c6 12. Nf3 Bxf3 13. Bxf3 Ne7 14. e3 Nf5
15. O-O O-O 16. b4 axb4 17. axb4 Bxb4 18. exd4 Qe6 19. Qb3 Qe7 20. Rxa8 Rxa8
21. c5 Bd2 22. Qd3 Qg5 23. Be4 Ra2 24. Bxf5 Rxb2 25. Qa3 g6 26. Qxb2 gxf5 27.
f4 Be3+ 28. Kg2 Qe7 29. Rf3 Qe4 30. Qxb7 Bxd4 31. Qa6 Qc2+ 32. Kh3 Bg1 33. Qa8+
1-0

[Event "Principal 2016/2017"]
[Site "Vitrolles"]
[Date "2017.03.25"]
[Round "8"]
[White "Derige Kane, Yan"]
[Black "Anton, Jose"]
[Result "1-0"]
[WhiteElo "2026"]
[BlackElo "1845"]
[PlyCount "47"]

1. d4 Nf6 2. Nf3 d6 3. Bf4 Bf5 4. c3 c6 5. Nbd2 Nbd7 6. e3 Qc7 7. h3 h6 8. Bc4
e5 9. dxe5 dxe5 10. Bh2 Bd6 11. O-O g5 12. Re1 Bg6 13. b4 Nb6 14. Qb3 O-O-O 15.
a4 Nfd5 16. Bxd5 Nxd5 17. Nc4 f6 18. Nxd6+ Qxd6 19. Rad1 Qe7 20. b5 Bf7 21.
bxc6 bxc6 22. Qc4 Qc7 23. Rb1 Kd7 24. e4 1-0

[Event "Principal 2016/2017"]
[Site "Vitrolles"]
[Date "2017.03.25"]
[Round "8"]
[White "Girard, Jean-Pierre"]
[Black "Madranges, Jean"]
[Result "1-0"]
[WhiteElo "1801"]
[BlackElo "1795"]
[PlyCount "93"]

1. e4 c5 2. Nf3 g6 3. d4 cxd4 4. Nxd4 Nc6 5. Nc3 Bg7 6. Nb3 Nf6 7. Be2 O-O 8.
O-O a5 9. a4 Nb4 10. e5 Ne8 11. f4 d6 12. Be3 Bf5 13. Nd4 dxe5 14. Nxf5 gxf5
15. fxe5 Qc7 16. Rxf5 Rd8 17. Bd3 Nxd3 18. cxd3 Qc8 19. Qf1 f6 20. d4 e6 21.
Rf3 Rd7 22. Qe2 fxe5 23. Rxf8+ Kxf8 24. dxe5 Qc7 25. Rf1+ Kg8 26. Qh5 Rf7 27.
Rxf7 Qxf7 28. Qxf7+ Kxf7 29. Bb6 Bxe5 30. Bxa5 Nd6 31. b3 Ke7 32. h3 Kd7 33.
Kf1 Kc6 34. Bb4 b6 35. Bxd6 Kxd6 36. Na2 Kc5 37. Ke2 Bc7 38. Kd3 e5 39. b4+ Kd5
40. Nc3+ Ke6 41. Ke4 Bd6 42. Nd5 Bf8 43. Nxb6 Bxb4 44. Nc4 Bc3 45. a5 Bd4 46.
a6 h5 47. g4 1-0

[Event "Principal 2016/2017"]
[Site "Vitrolles"]
[Date "2017.04.29"]
[Round "9"]
[White "Figier, Anthony"]
[Black "Busson, Benoist"]
[Result "1/2-1/2"]
[WhiteElo "2123"]
[BlackElo "1978"]
[PlyCount "57"]

1. d4 Nf6 2. c4 c5 3. d5 e5 4. Nc3 d6 5. e4 Be7 6. Be2 Nbd7 7. Nf3 Nf8 8. a3
Ng6 9. O-O O-O 10. b4 b6 11. Ne1 Ne8 12. Bg4 Bg5 13. Bxc8 Bxc1 14. Rxc1 Qxc8
15. Ne2 Nf6 16. f3 Nh5 17. Nd3 Qd8 18. Qd2 h6 19. g4 Nhf4 20. Nexf4 Qg5 21. h4
Nxh4 22. Rc2 exf4 23. Qxf4 Ng6 24. Qxg5 hxg5 25. bxc5 bxc5 26. Rb2 Rfe8 27. Rb7
Kf8 28. Rfb1 Re7 29. Rb8+ 1/2-1/2

[Event "Principal 2016/2017"]
[Site "Vitrolles"]
[Date "2017.04.29"]
[Round "9"]
[White "Baroyan, Davit"]
[Black "Anton, Jose"]
[Result "0-1"]
[WhiteElo "1964"]
[BlackElo "1821"]
[PlyCount "92"]

1. d4 Nf6 2. c4 e5 3. dxe5 Ng4 4. Bf4 Bb4+ 5. Nc3 Bxc3+ 6. bxc3 Nc6 7. Nf3 Qe7
8. e3 Ngxe5 9. Nxe5 Nxe5 10. Qd4 f6 11. c5 b6 12. cxb6 axb6 13. Bxe5 Qxe5 14.
Bc4 Bb7 15. O-O Bc6 16. f4 Qe4 17. Qxe4+ Bxe4 18. Rfd1 Ra5 19. Rd4 {(=)} Bc6
20. Rad1 Ke7 21. Bd5 Bxd5 22. Rxd5 Rxd5 23. Rxd5 Ra8 24. Rd2 Ra3 25. Rc2 Kd6
26. e4 Kc5 27. e5 fxe5 28. fxe5 Kd5 29. c4+ Kxe5 30. Re2+ Kd4 31. Re7 c5 32.
Rxd7+ Kxc4 33. Rxg7 Rxa2 34. Rxh7 b5 35. g4 b4 36. g5 b3 37. Rb7 b2 38. g6 Ra1+
39. Kf2 b1=Q 40. Rxb1 Rxb1 41. h4 Kd5 42. g7 Rb8 43. h5 Ke6 44. h6 Kf7 45. h7
Kxg7 46. h8=Q+ Rxh8 0-1

[Event "Principal 2016/2017"]
[Site "Vitrolles"]
[Date "2017.04.29"]
[Round "9"]
[White "Metras, Dominique"]
[Black "Derige Kane, Yan"]
[Result "1/2-1/2"]
[WhiteElo "1889"]
[BlackElo "2026"]
[PlyCount "67"]

1. d4 d5 2. c4 e6 3. Nf3 Be7 4. g3 Nf6 5. Bg2 O-O 6. O-O b6 7. Nc3 Bb7 8. Ne5
Nbd7 9. cxd5 Nxd5 10. Nxd5 exd5 11. Bf4 Re8 12. Rc1 c5 13. dxc5 Nxe5 14. Bxe5
bxc5 15. e3 Qd7 16. Qd2 Rad8 17. Rfd1 d4 18. Bxb7 Qxb7 19. exd4 f6 20. Bf4 cxd4
21. h4 Bb4 22. Qd3 Kh8 23. Rc4 Ba5 24. Rxd4 Rxd4 25. Qxd4 Bb6 26. Qd5 Qe7 27.
Qf3 Qb4 28. Rd2 Qc4 29. Be3 Bxe3 30. Qxe3 Qc6 31. Rd6 Qb5 32. Re6 Rg8 33. Qe2
Qd5 34. a3 1/2-1/2

[Event "Principal 2016/2017"]
[Site "Vitrolles"]
[Date "2017.04.29"]
[Round "9"]
[White "Madranges, Jean"]
[Black "Urcun, Gael"]
[Result "1/2-1/2"]
[WhiteElo "1785"]
[BlackElo "1717"]
[PlyCount "66"]

1. e4 c5 2. Nc3 Nc6 3. f4 e6 4. Nf3 Nf6 5. e5 Nd5 6. Nxd5 exd5 7. c3 d6 8. Bb5
Be7 9. O-O O-O 10. d4 Qb6 11. Bd3 Bg4 12. Qc2 h6 13. Be3 Rac8 14. dxc5 dxc5 15.
Bf5 Bxf5 16. Qxf5 Qxb2 17. e6 f6 18. Bd2 b6 19. Qg6 f5 20. Rfe1 Bf6 21. Rad1
Ne7 22. Qh5 Rcd8 23. Ne5 d4 24. Nd7 dxc3 25. Bc1 Qc2 26. Nxf6+ gxf6 27. Rxd8
Rxd8 28. Qf7+ Kh8 29. Qxf6+ Kg8 30. Qf7+ Kh8 31. Qxe7 Rd1 32. Qf6+ Kh7 33. Qf7+
Kh8 1/2-1/2